00811nam a2200253Ia 4500008004100000020001800041050001700059050001800076245002100094245003400115245004500149250001900194260001300213260002300226260000900249300001500258300002000273300001100293500004100304650003100345650004400376999001900420952011800439160517s9999 xx 000 0 und d a971-668-026-0 aFIL DS 653.7 b.P74 1996 c.1 4aThe Presidents : brepublic of the Philippines / ccompiled and edited by Rheno A. Velasco. aSimplified Ed. aManila : bLoacan Pub. House, c1996 a72 pages : billustrations ; c21 cm. aIncludes bibliographical references. aPresidents -- Philippines. xPresidents -- Philippines -- Biography. c294083d294083 001040aSMCbSMCcFILd0000-00-00l0oFIL DS 653.7 .P74 1996 c.1pSMC00144r2016-05-17 00:00:00w2016-05-17yBK